000 01218nam a22002295i 4500
001 165074
003 ES-MaACL
005 20230906213049.0
008 000403s1858 sp |||| | spa d
100 1 _aScribe, Eugène.
_9104966
245 1 3 _aLa embajadora :
_bópera en tres actos /
_csacada de la que escribieron en francés Scribe y Saint-Georges, con música del maestro Auber ; traducción libre y letra española adaptada a la misma música por Antonio María Segovia.
260 _aMadrid :
_b[s.n.],
_c1858 (
_fImp. de Luis García)
300 _a75 p. ;
_c21 cm.
490 1 _aGalería lírico-dramática de la zarzuela
594 _aEn port.: Ejecutada por primera vez en Madrid en el Teatro de la Zarzuela en setiembre de 1858.
700 1 _aAuber, Daniel-François-Esprit.
_923789
700 1 _aSaint-Georges, Henri de.
_9101523
700 1 _aSegovia, Antonio María.
_9132630
830 1 _aGalería lírico-dramática de la zarzuela
_9222433
852 4 _aES-MaACL
_jF-8556(2)
_z- Enc. pasta española, falto de cub. original
_z- Enc. en un v. facticio, formando parte de la col. facticia: "Teatro español moderno", v. 8
_z- Ex-libris ms. de Gustavo Sáenz Díez 1877
999 _c165074
_d165074